000 00947nmc a2200325 a 4500
003 AR-X00000XY
005 20251128211904.0
008 227020s2005 ||||||||||||||000 | spa||
020 _a950-581-725-8
040 _cAR-X00000XY
100 1 _aJohsua, Samuel
245 1 0 _aIntroducción a la didáctica de las ciencias y la matemática
250 _a1ª ed.
260 _aBuenos Aires
_bEdiciones Colihue
_c2005
300 0 _a415 p.
490 0 _aNuevos caminos
504 _aIncluye bibliografía en p. 379-403
650 4 _aENSENANZA DE LAS MATEMATICAS
650 4 _aDIDACTICA
650 4 _aEPISTEMOLOGIA
650 4 _aPROCESO DE APRENDIZAJE
650 4 _aAPRENDIZAJE ESCOLAR
653 _aENSENANZA DE LAS CIENCIAS NATURALES
653 _aESTRATEGIAS DIDACTICAS
700 1 _aDupin, Jean-Jacques
700 1 _aNarvaja, Ana Beatriz
_etraductor
700 1 _aRoggier, Nancy
_etraductor
942 _cBK
998 _cNancy
999 _c21483
_d21483